TOP 20 BLACK ACTORS - Statistiques

Statistiques générales
  • Ce quiz a été pris 20 fois
  • Le résultat moyen est 5 sur 20
Statistiques - réponses
Actor Film notable % Correct
1 Denzel Washington The Equalizer
94%
3 Morgan Freeman The Shawshank Redemption (Les évadés)
82%
4 Will Smith Aladdin
76%
6 Samuel L. Jackson la saga « Star Wars », « Jurassic park » (1993) et « Pulp Fiction » (1994).
71%
10 Eddie Murphy Le Flic de Beverly Hills
41%
9 Danny Glover L'Arme fatale 2 (1989)
18%
17 Ice Cube Boyz'n the Hood - La Loi de la rue (1991),Mise à l'épreuve
18%
13 Jamie Foxx La Voie de la justice
18%
11 Laurence Fishburne The King of New York
18%
7 Forest Whitaker Les Brasiers de la colère
12%
14 Martin Lawrence Do the Right Thing , Bad Boys
12%
15 Wesley Snipes Blade (1998)
12%
18 Chiwetel Ejiofor Doctor Strange (2016)
6%
12 Djimon Hounsou Gladiator (2000) Diamant sanguin (2006) Gardiens de la galaxie (2014)
6%
8 Don Cheadle Ocean's Eleven (2001)
6%
2 Sidney Poitier Le lys des champs
6%
5 Cuba Gooding Jr. Au-delà de nos rêves. Pearl Harbor
0%
20 Delroy Lindo Malcolm X (1992);Là-haut (2009),Sinners (2025),Point Break (2015)
0%
16 Louis Gossett Jr Punisher (1989),Gentleman,Un raisin au soleil (1961)
0%
19 Mario Van Peebles Exterminator 2 En 1984,Itinéraire manqué
0%
Aucun quiz correspondant
Distribution des résultats
% des personnes avec chaque résultat
Percentile par nombre de réponses
Votre historique - résultats
Vous n’avez pas pris ce quiz